000 01082cad a22002295a 4500
001 L157634
008 130208e2013 xxk 000 0 eng d
035 _a(Sirsi) u157634
041 0 _aeng
110 2 _aUnited Kingdom
_bDepartment for Environment Food and Rural Affairs
245 0 0 _aFlood defences get green light
_h[electronic resource]
260 _c2013
490 _aDEFRA News Release
520 _a93 new flood defences are given permission to start this year which will protect 64 000 more homes. Additional funds have been provided for projects that will help economic growth such as Exeter's new flood defences which will create over 1 000 jobs and a tidal barrier in Ipswich which will improve flood protection to ten hectares of development land.
590 _aKA
651 4 _aENGLAND AND WALES
690 _aEnvironment
_96238
690 _aInfrastructure
_96246
690 _aSustainability
_96271
856 4 0 _uhttps://www.defra.gov.uk/news/2013/02/07/flood-defences-2013-14/
_zView the DEFRA news release free of charge at www.defra.gov.uk
942 _n0
999 _c84425
_d84425